|
|
|
|
| LEADER |
00000nas a2200000 a 4500 |
| 001 |
ssj0013093 |
| 003 |
WaSeSS |
| 005 |
20200512172242.0 |
| 006 |
m d |
| 007 |
cr n |
| 008 |
011125c20009999enkqr pss 0 a0eng c |
| 010 |
|
|
|a 2008233181
|
| 015 |
|
|
|a GBB404888
|2 bnb
|
| 016 |
7 |
|
|a 2037833-6
|2 DE-600
|
| 016 |
7 |
|
|a 012087640
|2 Uk
|
| 022 |
|
|
|a 1474-0060
|l 1468-1099
|y 1468-1099
|
| 035 |
|
|
|a (WaSeSS)ssj0013093
|
| 037 |
|
|
|b Cambridge University Press, The Edinburgh Building, Shaftesbury Road, Cambridge CB2 2RU, United Kingdom
|
| 040 |
|
|
|a F#A
|b eng
|c F#A
|d OCLCQ
|d UV0
|d GUA
|d Z5A
|d OCLCQ
|d HEBIS
|d OCLCQ
|d COO
|d OCLCO
|d OCLCF
|d OCLCO
|d OCLCQ
|d DLC
|d NLE
|d UKMGB
|d AU@
|d VT2
|d WaSeSS
|
| 042 |
|
|
|a pcc
|
| 043 |
|
|
|a a-ja---
|a ae-----
|
| 050 |
0 |
0 |
|a JA8
|
| 082 |
0 |
4 |
|a 320
|
| 130 |
0 |
|
|a Japanese journal of political science (Online)
|
| 222 |
|
0 |
|a Japanese journal of political science
|b (Online)
|
| 245 |
1 |
0 |
|a Japanese journal of political science
|h [electronic resource].
|
| 260 |
|
|
|a [Cambridge, England] :
|b Cambridge University Press
|
| 310 |
|
|
|a Quarterly,
|b 2014-
|
| 321 |
|
|
|a Three times a year
|
| 362 |
1 |
|
|a Began with vol. 1, issue 01 (May 2000).
|
| 506 |
|
|
|a License restrictions may limit access.
|
| 538 |
|
|
|a Mode of access: World Wide Web.
|
| 588 |
|
|
|a Description based on first issue; title from contents screen (Cambridge journals, viewed Feb. 15, 2008).
|
| 588 |
|
|
|a Latest issue consulted: Volume 18, Issue 3 (September 2017) (Cambridge Core, viewed September 22, 2017).
|
| 650 |
|
0 |
|a Political science
|v Periodicals.
|
| 650 |
|
0 |
|a World politics
|v Periodicals.
|
| 650 |
|
7 |
|a Political science.
|2 fast
|0 (OCoLC)fst01069781
|
| 650 |
|
7 |
|a Politics and government.
|2 fast
|0 (OCoLC)fst01919741
|
| 650 |
|
7 |
|a World politics.
|2 fast
|0 (OCoLC)fst01181381
|
| 650 |
1 |
7 |
|a Politiek.
|2 gtt
|
| 651 |
|
0 |
|a Japan
|x Politics and government
|v Periodicals.
|
| 651 |
|
0 |
|a East Asia
|x Politics and government
|v Periodicals.
|
| 651 |
|
7 |
|a East Asia.
|2 fast
|0 (OCoLC)fst01243628
|
| 651 |
|
7 |
|a Japan.
|2 fast
|0 (OCoLC)fst01204082
|
| 655 |
|
0 |
|a Electronic journals.
|
| 776 |
0 |
8 |
|i Print version:
|t Japanese journal of political science
|x 1468-1099
|w (DLC) 00227142
|w (OCoLC)45145672
|
| 850 |
|
|
|a DLC
|
| 856 |
4 |
0 |
|z Full text available from Research Library: 05/01/2001 to 1 year ago
|u https://search.proquest.com/publication/43636
|